00825nam a2200217 a 4500999001300000001000500013003000900018005001700027008004100044020001500085040003300100082001600133100002300149245018900172250001200361260004300373300004700416650001800463942001200481952011400493 c633d6338097BD-DhUAP20200126114710.0200126s2003 ii ab 000 0 eng d a8121922593 aDLCcBD-DhUAPdBD-DhUAPbEng00a390 ROY2231 aRoy, Indrani Basu.10aAnthropology :bthe study of man (includes--physical anthropology, prehistory and social-cultural anthropology) (for students of anthropology in Indian University) /cIndrani Basu Roy. a1st ed. aNew Delhi :bS. Chand and Co.,cc2003. aviii, 707 pages :billustrations ;c25 cm. 0aAnthropology. 2ddccBK 00102ddc4070aUAPCLbUAPCLcGeneral Stacksd2020-01-26o390 ROYp3010008097r2020-01-26t1w2020-01-26yBK